000 00451nam a2200181Ia 4500
001 23950
005 20260414151011.0
008 260414t2019||||xx |||||||||||||| ||spa||
041 _aESP
082 _a724.646
_bC25
100 _aCánovas, Andrés,
_eAUT
245 0 _aVivienda colectiva en España :
_biglo XX (1929-1992)
260 _c2019
300 _a383 páginas :
_c30 cm.
650 _aABD
654 _aCAU
942 _cLIB
_dJUS
_fJUS
_2ddc
_n
999 _c23950
_d23950